Statistics for Animals by Range on a World Map

Click here to take the quiz!

General Stats

  • This quiz has been taken 3,204 times
  • The average score is 9 of 15

Answers on the Map

Answers color-coded by a green-red scale on the quiz's map according to % correct below.
 

Answer Stats

#Animal% Correct
12Red Kangaroo
85%
1American Alligator
83%
11Polar Bear
80%
9Macaroni Penguin
79%
6Dodo
76%
3Asian Elephant
75%
13Ring-tailed Lemur
69%
5Bornean Orangutan
55%
7Giraffe
52%
8Jaguar
50%
2American Bison
46%
15Snow Leopard
44%
10Mediterranean Monk Seal
39%
4Barbary Macaque
37%
14Sea Otter
16%

Score Distribution

Percentile by Number Answered

Percent of People with Each Score

Your Score History

You have not taken this quiz